00599cam a22002291 4500001001300000003000400013005001700017008004100034010001700075025001900092035002000111040002000131042001200151050001500163100002500178245003600203250001400239260005000253300001900303651003000322999001700352sa 64009154 DLC20260227112059.0841127s1963 ii 000 0 eng  asa 64009154  aPL480:I-E-3385 a(OCoLC)11426706 aDLCcNcWsWdDLC apremarc00aHN687b.B51 aBilpodiwala, Noshir.14aThe social order and Sarvodaya. a[1st ed.] aVaranasi,bSarva Seva Sangh Prakashanc[1963] a140 p.c19 cm. 0aIndiaxSocial conditions. c61280d61280